000
00244nam a22001097a 4500
999
_c
13944
_d
13944
082
_a
005
100
_a
James A. O'Brien ; George M. Marakas
245
_a
Management Information Systems
250
_a
Tenth Edition
300
_a
673
942
_c
BK